| 000 | 00932cam a2200229 4500 | ||
|---|---|---|---|
| 001 | ABS65599 | ||
| 008 | 020701n2002 000 0 eng u | ||
| 035 | _a(Sirsi) u118617 | ||
| 100 | _aBingham, T. | ||
| 245 | _aGuilty as charged | ||
| 260 | _c2002 | ||
| 490 |
_aBuilding _v(8234) 17 May 2002, 56-57(2) |
||
| 520 | _aLooks at plans by the Chartered Institute of Arbitrators to levy its members so it can afford to put them on trial. It is argued that these procedures are based on sound objectives but the arbitrator needs to be completely independent and impartial. | ||
| 590 | _aABS | ||
| 650 | _aCHARTERED INSTITUTE OF ARBITRATORS | ||
| 650 | _aSOCIETY OF CONSTRUCTION ARBITRATORS | ||
| 650 | _aMANAGEMENT-DISPUTE AVOIDANCE, MANAGEMENT AND RESOLUTION-DISPUTE MANAGEMENT AND RESOLUTION-ARBITRATION | ||
| 650 | _aJUDICIAL INDEPENDENCE | ||
| 650 | _aIMPARTIALITY | ||
| 690 |
_aDispute resolution _96236 |
||
| 942 | _n0 | ||
| 999 |
_c70637 _d70637 |
||